Top NFL Quarterbacks of 2023-2024 - Statistics

General Stats
  • This quiz has been taken 206 times
  • The average score is 8 of 10
Answer Stats
Hint Answer % Correct
7 Patrick Mahomes
98%
1 Josh Allen
89%
9 Lamar Jackson
88%
3 Dak Prescott
84%
6 Brock Purdy
82%
2 Jalen Hurts
80%
5 Tua Tagovailoa
78%
10 Jared Goff
76%
8 Justin Herbert
74%
4 C.J. Stroud
72%
No matching quizzes found
Score Distribution
Percent of People with Each Score
Percentile by Number Answered
Your Score History
You have not taken this quiz